<?xml version="1.0" encoding="UTF-8"?>
<marc:record xmlns:marc="http://www.loc.gov/MARC21/slim">
   <marc:leader>00000nam a2200000 a 4500</marc:leader>
   <marc:datafield ind1="1" ind2=" " tag="100">
      <marc:subfield code="a">Förster, Jens</marc:subfield>
      <marc:subfield code="4">aut</marc:subfield>
      <marc:subfield code="e">Verfasser/-in</marc:subfield>
   </marc:datafield>
   <marc:datafield ind1=" " ind2=" " tag="653">
      <marc:subfield code="a">Vorurteil</marc:subfield>
   </marc:datafield>
   <marc:datafield ind1="0" ind2="0" tag="245">
      <marc:subfield code="a">Kleine Einführung in das Schubladen-Denken</marc:subfield>
   </marc:datafield>
   <marc:datafield ind1="0" ind2="0" tag="245">
      <marc:subfield code="b">vom Nutzen und Nachteil des Vorurteils</marc:subfield>
   </marc:datafield>
   <marc:datafield ind1="0" ind2="0" tag="245">
      <marc:subfield code="c">Jens Förster</marc:subfield>
   </marc:datafield>
   <marc:datafield ind1=" " ind2="1" tag="264">
      <marc:subfield code="a">München</marc:subfield>
      <marc:subfield code="b">Goldmann</marc:subfield>
      <marc:subfield code="c">2008</marc:subfield>
   </marc:datafield>
   <marc:datafield ind1="1" ind2=" " tag="490">
      <marc:subfield code="a">Goldmann</marc:subfield>
      <marc:subfield code="v">15507</marc:subfield>
   </marc:datafield>
   <marc:datafield ind1=" " ind2=" " tag="250">
      <marc:subfield code="a">Taschenbuchausg., 1. Aufl.</marc:subfield>
   </marc:datafield>
   <marc:datafield ind1="1" ind2=" " tag="520">
      <marc:subfield code="a">Angaben aus der Verlagsmeldung

Kleine Einführung in das Schubladendenken : Über Nutzen und Nachteil des Vorurteils Kleine Einführung in das Schubladendenken / von Jens Förster

Mädchen rechnen schlechter als Jungen, und Blondinen sind blöd. Das sind reine Vorurteile, doch verfehlen sie ihre Wirkung nicht, wie die Sozialpsychologie herausgefunden hat. Vorurteile halten sich hartnäckig und leiten unser Verhalten – meistens mehr, als uns bewusst ist. Der Sozialpsychologe Jens Förster hat untersucht, wie Vorurteile unsere Leistung beeinflussen. Seine Theorie: Vorurteile sind Prophezeiungen, die sich selbst erfüllen. Studien zufolge schneiden Menschen mit negativen Erwartungen an sich selbst unter Zeitdruck schlechter ab als andere. Förster verbindet wissenschaftliche Erkenntnisse mit anschaulichen Berichten von persönlichen Erfahrungen, um zu erklären, wie Vorurteile und Stereotype zustande kommen, was sie anrichten, welche positiven Auswirkungen sie mitunter haben und wie wir sie wieder loswerden können.

• Ein amüsantes Buch über Vorurteile und ihre Folgen
• Der Autor ist Experte auf dem Gebiet der Erforschung von Vorurteilen
• Das Buch vereint Forschungsergebnisse und persönliche Erfahrungen des Autors
</marc:subfield>
   </marc:datafield>
   <marc:datafield ind1=" " ind2=" " tag="020">
      <marc:subfield code="a">9783442155071</marc:subfield>
      <marc:subfield code="9">9783442155071</marc:subfield>
   </marc:datafield>
   <marc:datafield ind1=" " ind2=" " tag="041">
      <marc:subfield code="a">ger</marc:subfield>
   </marc:datafield>
   <marc:datafield ind1=" " ind2=" " tag="300">
      <marc:subfield code="a">286 S.</marc:subfield>
   </marc:datafield>
</marc:record>
